| 000 | 00919nam a2200253 a 4500 | ||
|---|---|---|---|
| 001 | 000039229 | ||
| 003 | DO-SdBNP | ||
| 005 | 20250624122109.0 | ||
| 008 | 130612s2012 dr abc 001 0 spa d | ||
| 020 | _a9789945481167 | ||
| 040 |
_aDO-SdBNP _bspa _cBNPHU |
||
| 082 | 4 |
_a972.93697 _bR789b, 2012 _222 |
|
| 100 | 1 |
_aRosario Brito, Ramón Enrique, _d1963- _965438 |
|
| 245 | 1 | 0 |
_aBreve historia de Las Uvas, La Vega / _cRamón Enrique Rosario Brito. |
| 250 | _a2ª ed. | ||
| 260 |
_aSanto Domingo : _bCentenario, _c2012. |
||
| 300 |
_a480 p. : _bil., mapas, retrs. ; _c22 cm. |
||
| 504 | _aBibliografía: p.477-479. | ||
| 650 | 4 |
_aCiudades y pueblos _zRepública Dominicana _9784 |
|
| 651 | 4 |
_aLas Uvas (La Vega, República Dominicana) _xHistoria local _965439 |
|
| 651 | 4 |
_aLa Uvas (La Vega, República Dominicana) _xVida social y costumbres _988174 |
|
| 910 | _aValidado. Control de calidad EMS. | ||
| 942 |
_2ddc _cLBS1 |
||
| 999 |
_c38719 _d38719 |
||